Ελεύθερο σχέδιο : Β' ενιαίου λυκείου : βιβλίο του καθηγητή
Saved in:
| Corporate Author: | |
|---|---|
| Format: | Book |
| Language: | Greek |
| Published: |
Αθήνα :
Οργανισμός Εκδόσεως Διδακτικών Βιβλίων,
[199?]
|
| Subjects: | |
| Tags: |
Add Tag
No Tags, Be the first to tag this record!
|
MARC
| LEADER | 00000nam a2200000 i 4500 | ||
|---|---|---|---|
| 001 | 1/10645 | ||
| 008 | 000904q gre d | ||
| 020 | |a 960-06-0651-X | ||
| 035 | |l 10063510 | ||
| 040 | |a GR-MY-UA |b gre |e aacr | ||
| 041 | 0 | |a gre | |
| 082 | 0 | |a 741.071 | |
| 245 | 1 | 0 | |a Ελεύθερο σχέδιο : |b Β' ενιαίου λυκείου : βιβλίο του καθηγητή / |c [Υπουργείο Εθνικής Παιδείας και Θρησκευμάτων. Παιδαγωγικό Ινστιτούτο] |
| 260 | |a Αθήνα : |b Οργανισμός Εκδόσεως Διδακτικών Βιβλίων, |c [199?] | ||
| 300 | |a 80 σ.; |c 24 cm | ||
| 650 | 0 | 0 | |a Drawing |x Study and teaching (Secondary) |
| 710 | 2 | |a Υπουργείο Εθνικής Παιδείας και Θρησκευμάτων |b Παιδαγωγικό Ινστιτούτο. | |
| 852 | |a INST |b RHODES |e 20000904 |h 741.071 ΕΛΕ |p 005400018691 |q 005400018691 |t BK |y 0 | ||
| 901 | |a BIBL4-2000-2 | ||
| 909 | |a Ρ |b 078550 | ||
| 922 | |a 4ΔΩΡ |b 200004 | ||
| 970 | |z 2000/09/ΧΡΥΣΑΝΘΗ | ||